A theory of justice / (Record no. 585989)

000 -LEADER
fixed length control field 01237cam a22003494a 4500
001 - CONTROL NUMBER
control field 13767325
003 - CONTROL NUMBER IDENTIFIER
control field NUST
005 - DATE AND TIME OF LATEST TRANSACTION
control field 20241111164659.0
008 - FIXED-LENGTH DATA ELEMENTS--GENERAL INFORMATION
fixed length control field 041101r20051971nyua b 001 0 eng
010 ## - LIBRARY OF CONGRESS CONTROL NUMBER
LC control number 2004060697
020 ## - INTERNATIONAL STANDARD BOOK NUMBER
International Standard Book Number 0674017722 (pbk. : alk. paper)
038 ## - RECORD CONTENT LICENSOR
Staff Name waseem
040 ## - CATALOGING SOURCE
Original cataloging agency DLC
Transcribing agency DLC
Modifying agency DLC
042 ## - AUTHENTICATION CODE
Authentication code pcc
050 00 - LIBRARY OF CONGRESS CALL NUMBER
Classification number JC578
Item number .R38 2005
082 00 - DEWEY DECIMAL CLASSIFICATION NUMBER
Classification number 340.11
Author Mark RAW
100 1# - MAIN ENTRY--PERSONAL NAME
Personal name Rawls, John,
Dates associated with a name 1921-2002.
9 (RLIN) 81067
245 12 - TITLE STATEMENT
Title A theory of justice /
Statement of responsibility, etc. John Rawls.
250 ## - EDITION STATEMENT
Edition statement Original ed.
260 ## - PUBLICATION, DISTRIBUTION, ETC.
Place of publication, distribution, etc. Cambridge, Mass. :
Name of publisher, distributor, etc. Belknap Press,
Date of publication, distribution, etc. [2005?], c1971.
300 ## - PHYSICAL DESCRIPTION
Extent xv, 607 p. :
Other physical details ill. ;
Dimensions 23 cm.
500 ## - GENERAL NOTE
General note Reprint. Originally published: 1971.
504 ## - BIBLIOGRAPHY, ETC. NOTE
Bibliography, etc. note Includes bibliographical references and index.
563 ## - BINDING INFORMATION
Binding note Paperback.
650 #0 - SUBJECT ADDED ENTRY--TOPICAL TERM
Topical term or geographic name entry element Justice.
9 (RLIN) 12939
650 #0 - SUBJECT ADDED ENTRY--TOPICAL TERM
Topical term or geographic name entry element NLS2024, NLSTEXTBOOKS, NLSEBOOKBANK
9 (RLIN) 126869
856 41 - ELECTRONIC LOCATION AND ACCESS
Materials specified Table of contents
Uniform Resource Identifier <a href="http://www.loc.gov/catdir/toc/fy053/2004060697.html">http://www.loc.gov/catdir/toc/fy053/2004060697.html</a>
856 41 - ELECTRONIC LOCATION AND ACCESS
Uniform Resource Identifier <a href="http://10.250.8.41:8080/xmlui/handle/123456789/47857">http://10.250.8.41:8080/xmlui/handle/123456789/47857</a>
906 ## - LOCAL DATA ELEMENT F, LDF (RLIN)
a 7
b cbc
c orignew
d 1
e ocip
f 20
g y-gencatlg
942 ## - ADDED ENTRY ELEMENTS (KOHA)
Source of classification or shelving scheme
Koha item type Book
Holdings
Withdrawn status Lost status Source of classification or shelving scheme Damaged status Not for loan Permanent Location Current Location Shelving location Date acquired Full call number Barcode Date last seen Price effective from Koha item type
          NUST Law School (NLS) NUST Law School (NLS) Law 07/19/2021 340.11 RAW CL-577 07/19/2021 07/19/2021 Book
© 2023 Central Library, National University of Sciences and Technology. All Rights Reserved.